书目信息 |
| 题名: |
公路工程竣(交)工验收办法
|
|
| 作者: | ;中华人民共和国交通部 编 | |
| 分册: | ||
| 出版信息: | 北京 人民交通出版社 2004.03 |
|
| 页数: | 11页 | |
| 开本: | 20cm | |
| 丛书名: | ||
| 单 册: | ||
| 中图分类: | U415.12-62 | |
| 科图分类: | ||
| 主题词: | 道路工程--工程验收--中国--手册 | |
| 电子资源: | ||
| ISBN: | ||
| 000 | 00802nam0 2200229 450 | |
| 001 | 0148982408 | |
| 005 | 20051015174056.92 | |
| 010 | @dCNY5.00 | |
| 091 | @a15114·0770 | |
| 100 | @a20050309d2004 km y0chiy0120 ea | |
| 101 | 0 | @achi |
| 102 | @aCN@b110000 | |
| 105 | @ay z 000yy | |
| 200 | 1 | @a公路工程竣(交)工验收办法@Agong lu gong cheng jun(jiao)gong yan shou ban fa@f中华人民共和国交通部@Fzhong hua ren min gong he guo jiao tong bu |
| 210 | @a北京@c人民交通出版社@d2004.03 | |
| 215 | @a11页@d20cm | |
| 330 | @a本书内容包括:总则、交工验收、竣工验收、罚则、附则等。 | |
| 606 | 0 | @a道路工程@x工程验收@y中国@x手册 |
| 690 | @aU415.12-62@v4 | |
| 711 | 02 | @a中华人民共和国交通部@Azhong hua ren min gong he guo jiao tong bu@4编 |
| 801 | 0 | @aCN@bQSSK@c20051015 |
| 905 | @a10447@dU415.12-62@eZ668 | |
| 公路工程竣(交)工验收办法/中华人民共和国交通部.-北京:人民交通出版社,2004.03 |
| 11页;20cm |
| ISBN :CNY5.00 |
| 本书内容包括:总则、交工验收、竣工验收、罚则、附则等。 |
| ● |
| 相关链接 |
|
|
|
正题名:公路工程竣(交)工验收办法
索取号:U415.12-62/Z668
 
预约/预借
| 序号 | 登录号 | 条形码 | 馆藏地/架位号 | 状态 | 备注 |
| 1 | 543369 | 205433690 | 自科库501/501自科库 52排1列5层/ [索取号:U415.12-62/Z668] | 在馆 | |
| 2 | 543370 | 205433707 | 自科库501/501自科库 52排1列5层/ [索取号:U415.12-62/Z668] | 在馆 | |
| 3 | 543371 | 205433716 | 自科库501/501自科库 52排1列5层/ [索取号:U415.12-62/Z668] | 在馆 | |
| 4 | 574103 | 205741036 | 自科库501/ [索取号:U415.12-62/Z668] | 在馆 | |
| 5 | 574105 | 205741054 | 自科库501/409社科库 38排5列1层/ [索取号:U415.12-62/Z668] | 在馆 | |
| 6 | 574706 | 205747067 | 自科库501/501自科库 52排1列5层/ [索取号:U415.12-62/Z668] | 在馆 | |
| 7 | 574707 | 205747076 | 自科库501/501自科库 52排1列5层/ [索取号:U415.12-62/Z668] | 在馆 | |
| 8 | 574708 | 205747085 | 自科库501/501自科库 52排1列5层/ [索取号:U415.12-62/Z668] | 在馆 |